<?xml version="1.0" encoding="UTF-8"?>
<record
    xmlns:xsi="http://www.w3.org/2001/XMLSchema-instance"
    xsi:schemaLocation="http://www.loc.gov/MARC21/slim http://www.loc.gov/standards/marcxml/schema/MARC21slim.xsd"
    xmlns="http://www.loc.gov/MARC21/slim">

  <leader>00836nam a2200229Ia 4500</leader>
  <datafield tag="999" ind1=" " ind2=" ">
    <subfield code="c">36959</subfield>
    <subfield code="d">36959</subfield>
  </datafield>
  <controlfield tag="001">2911</controlfield>
  <controlfield tag="003">GE_BSU</controlfield>
  <controlfield tag="005">20221102152253.0</controlfield>
  <controlfield tag="008">181216s1998ru  xx |||||||||||||| ||rus||</controlfield>
  <datafield tag="020" ind1=" " ind2=" ">
    <subfield code="a">5282019264</subfield>
  </datafield>
  <datafield tag="040" ind1=" " ind2=" ">
    <subfield code="c">GE_BSU</subfield>
  </datafield>
  <datafield tag="041" ind1=" " ind2=" ">
    <subfield code="a">rus</subfield>
  </datafield>
  <datafield tag="080" ind1=" " ind2=" ">
    <subfield code="a">339.9.01(100)  &#x414;-64</subfield>
  </datafield>
  <datafield tag="100" ind1=" " ind2=" ">
    <subfield code="a">&#x414;&#x43E;&#x43B;&#x433;&#x43E;&#x432;, &#x421;. &#x418;.</subfield>
    <subfield code="9">15744</subfield>
  </datafield>
  <datafield tag="245" ind1=" " ind2=" ">
    <subfield code="a">&#x413;&#x43B;&#x43E;&#x431;&#x430;&#x43B;&#x438;&#x437;&#x430;&#x446;&#x438;&#x44F;  &#x44D;&#x43A;&#x43E;&#x43D;&#x43E;&#x43C;&#x438;&#x43A;&#x438;: &#x43D;&#x43E;&#x432;&#x43E;&#x435;  &#x441;&#x43B;&#x43E;&#x432;&#x43E; &#x438;&#x43B;&#x438;   &#x43D;&#x43E;&#x432;&#x43E;&#x435; &#x44F;&#x432;&#x43B;&#x435;&#x43D;&#x438;&#x435;  /</subfield>
    <subfield code="c">&#x421;. &#x418;. &#x414;&#x43E;&#x43B;&#x433;&#x43E;&#x432;, &#x420;&#x435;&#x434;.&#x41C;.&#x42E;.  &#x427;&#x438;&#x43D;&#x44F;&#x43A;&#x43E;&#x432;&#x430;</subfield>
  </datafield>
  <datafield tag="264" ind1=" " ind2=" ">
    <subfield code="a">&#x41C;&#x43E;&#x441;&#x43A;&#x432;&#x430; :</subfield>
    <subfield code="b">&#x42D;&#x43A;&#x43E;&#x43D;&#x43E;&#x43C;&#x438;&#x43A;&#x430;,</subfield>
    <subfield code="c">1998.</subfield>
  </datafield>
  <datafield tag="300" ind1=" " ind2=" ">
    <subfield code="a">215 &#x441;&#x442;.</subfield>
  </datafield>
  <datafield tag="653" ind1=" " ind2=" ">
    <subfield code="a">&#x413;&#x43B;&#x43E;&#x431;&#x430;&#x43B;&#x438;&#x437;&#x430;&#x446;&#x438;&#x44F;  &#x44D;&#x43A;&#x43E;&#x43D;&#x43C;&#x438;&#x43A;&#x438;:</subfield>
  </datafield>
  <datafield tag="653" ind1=" " ind2=" ">
    <subfield code="a">&#x10D4;&#x10D9;&#x10DD;&#x10DC;&#x10DD;&#x10DB;&#x10D8;&#x10D9;&#x10E3;&#x10E0;&#x10D8; &#x10D2;&#x10DA;&#x10DD;&#x10D1;&#x10D0;&#x10DA;&#x10D8;&#x10D6;&#x10D0;&#x10EA;&#x10D8;&#x10D0;</subfield>
  </datafield>
  <datafield tag="700" ind1=" " ind2=" ">
    <subfield code="a">&#x427;&#x438;&#x43D;&#x44F;&#x43A;&#x43E;&#x432;&#x430;, &#x41C;.&#x42E;.</subfield>
    <subfield code="e">&#x10E0;&#x10D4;&#x10D3;&#x10D0;&#x10E5;&#x10E2;&#x10DD;&#x10E0;&#x10D8;</subfield>
    <subfield code="9">15745</subfield>
  </datafield>
  <datafield tag="942" ind1=" " ind2=" ">
    <subfield code="c">BK</subfield>
    <subfield code="2">udc</subfield>
  </datafield>
  <datafield tag="952" ind1=" " ind2=" ">
    <subfield code="0">0</subfield>
    <subfield code="1">0</subfield>
    <subfield code="2">udc</subfield>
    <subfield code="4">0</subfield>
    <subfield code="6">339901100_&#x414;64</subfield>
    <subfield code="7">0</subfield>
    <subfield code="9">36464</subfield>
    <subfield code="a">CPL</subfield>
    <subfield code="b">CPL</subfield>
    <subfield code="c">GEN</subfield>
    <subfield code="d">2018-12-17</subfield>
    <subfield code="g">5.00</subfield>
    <subfield code="o">339.9.01(100)  &#x414;-64</subfield>
    <subfield code="p">7817</subfield>
    <subfield code="r">2018-12-17</subfield>
    <subfield code="t">7817</subfield>
    <subfield code="w">2018-12-17</subfield>
    <subfield code="y">BK</subfield>
    <subfield code="z">5&#x10DA;.80&#x10D7;.</subfield>
  </datafield>
</record>
